000 01850nam a2200433Ia 4500
001 ebr10150432
003 CaPaEBR
006 m u
007 cr cn|||||||||
008 060502s2006 nyu sb 001 0 eng d
010 _z 2006044819
020 _z140398350X
020 _z1403972788 (alk. paper)
024 3 _z9781403972781
040 _aCaPaEBR
_cCaPaEBR
035 _a(OCoLC)567962770
050 1 4 _aPS374.W6
_bJ57 2006eb
082 0 4 _a813/.087209358
_222
100 1 _aJohnsen, Rosemary Erickson.
245 1 0 _aContemporary feminist historical crime fiction
_h[electronic resource] /
_cRosemary Erickson Johnsen.
250 _a1st ed.
260 _aNew York :
_bPalgrave Macmillan,
_c2006.
300 _axvii, 173 p.
504 _aIncludes bibliographical references (p. [163]-169) and index.
533 _aElectronic reproduction.
_bPalo Alto, Calif. :
_cebrary,
_d2009.
_nAvailable via World Wide Web.
_nAccess may be limited to ebrary affiliated libraries.
650 0 _aAmerican fiction
_xWomen authors
_xHistory and criticism.
650 0 _aEnglish fiction
_xWomen authors
_xHistory and criticism.
650 0 _aDetective and mystery stories, American
_xHistory and criticism.
650 0 _aDetective and mystery stories, English
_xHistory and criticism.
650 0 _aHistorical fiction, American
_xHistory and criticism.
650 0 _aHistorical fiction, English
_xHistory and criticism.
650 0 _aWomen in literature.
650 0 _aHistory in literature.
650 0 _aAmerican fiction
_y20th century
_xHistory and criticism.
650 0 _aEnglish fiction
_y20th century
_xHistory and criticism.
655 7 _aElectronic books.
_2local
710 2 _aebrary, Inc.
856 4 0 _uhttp://site.ebrary.com/lib/rucke/Doc?id=10150432
_zAn electronic book accessible through the World Wide Web; click to view
999 _c202885
_d202885